000 01345cam a22003857a 4500
003 CHAP
005 20250813134237.0
008 000609d2000 mx a r 00110 spa d
010 _a81500
011 _a82472
035 _a92968
040 _cCHAP
090 _aTesis
100 1 0 _aRodríguez Hernández, Gonzalo
_998599
245 1 0 _aCalidad de trigo para la industria molinera :
_bmemoria de experiencia profesional
_c/por Gonzalo Rodríguez Hernández
260 _aChapingo, Méx. :
_bEl autor,
_c2000.
300 _a141 h. :
_bilus.
502 _aTesis (Ing. Agroindustrial) -- UACH. Departamento de Ingenieria Agroindustrial
590 _aALEPH
_b10
_c20130110
_lUCH01
_h1436
590 _aBATCH-UPD
_b10
_c20130110
_lUCH01
_h0818
590 _aBATCH-UPD
_b10
_c20130410
_lUCH01
_h0455
590 _aBATCH-UPD
_b10
_c20130914
_lUCH01
_h2007
590 _aCONVERSION
_b10
_c20130109
_lUCH01
_h1345
650 1 4 _aTrigo
_xBaja California.
_9114981
650 1 4 _aTrigo
_xCalidad.
_9114989
650 1 4 _aTrigo
_xIndustria.
_9115042
650 1 4 _aTrigo
_xMercadeo.
_9115058
650 1 4 _aTrigo
_xProducción.
_9115082
650 1 4 _aTrigo
_xSonora.
_9115104
901 _aBK
905 _aAlejandra Carrasco M.
942 _cFOLL
949 _bBC
_cTES
_d33724000783239
_eTS2
_fc.2
_h36579
_i92968
_sb
949 _bBC
_cTES
_d929681
_eTS1
_h36578
_i92968
_sb
999 _c81500
_d81500